MARC

LEADER 00000nam0a2200000 4500
001 370971
005 20231102012331.0
035 |a (RuTPU)RU\TPU\retro\28380 
090 |a 370971 
100 |a 20220822d1983 m y0rusy50 ca 
101 0 |a rus 
102 |a RU 
105 |a c z 000zb 
200 1 |a Имя для птицы  |e повести  |f В. С. Шефнер 
210 |a Ленинград  |c Советский писатель  |d 1983 
215 |a 512 с.  |c портр. 
464 |t Сестра печали  |o повесть 
600 1 |a Шефнер  |b В. С.  |c русский поэт  |c прозаик  |f 1914/1915-2002  |g Вадим Сергеевич  |2 stltpush  |3 (RuTPU)RU\TPU\pers\14796  |9 4974 
606 1 |a Русская литература современная  |2 stltpush  |3 (RuTPU)RU\TPU\subj\26373  |9 50316 
610 1 |a художественная литература 
610 1 |a советская литература 
610 1 |a автобиографические повести 
610 1 |a повести 
675 |a Р2  |v 4 
700 1 |a Шефнер  |b В. С.  |c русский поэт  |c прозаик  |f 1914/1915-2002  |g Вадим Сергеевич  |2 stltpush  |3 (RuTPU)RU\TPU\pers\14796  |4 070  |9 4974 
801 1 |a RU  |b 63413507  |c 20220822 
801 2 |a RU  |b 63413507  |c 20230210  |g RCR 
942 |c BK